| 000 | 00664nam a22001817a 4500 | ||
|---|---|---|---|
| 005 | 20251108164913.0 | ||
| 008 | 250721s1982 xx 000 0 ara d | ||
| 082 | 1 | 4 | _a212/محم |
| 100 | 1 | _aالمراغي، محمد مصطفى | |
| 245 | 1 | 0 |
_aحديث رمضان : _bتفسير جامع لخمس سور من القرآن الكريم وهي :الفرقان و لقمان و الحجرات و الحديد و العصر / |
| 264 | 1 |
_aالقاهره : _bدار الهلال، _c1982. |
|
| 300 | _a226ص | ||
| 490 | 0 | _aكتاب الهلال | |
| 650 | 1 | 7 | _aالقرآن الكريم |
| 650 | 1 | 7 | _aتفسير القرآن |
| 942 |
_2ddc _cBK |
||
| 999 |
_c17092 _d17092 |
||